000 00429nam a22001697a 4500
005 20160523120953.0
008 160523b xxu||||| |||| 00| 0 eng d
020 _a81-7808-563-1
041 _aeng
082 _b4214
100 _aLaudan, Kennath C & Laudak, Jane P
_91051
245 _aManagement Information Systems
260 _aNew Delhi
_bAcademic Faundation
300 _a547
650 _aManagement
_9241
942 _cBK
999 _c1432
_d1432